| 000 | 00505nam a2200193Ia 4500 | ||
|---|---|---|---|
| 008 | 180921t2003 xxu||||| |||| 00| 0 sin d | ||
| 041 | _asin | ||
| 080 |
_a59 _bWIC |
||
| 100 | _aWickramasinghe, Martin | ||
| 245 | _aකුරුමිනි සත්තු | ||
| 246 | _aKurumini saththu | ||
| 260 |
_bSarasa _aRajagiriya _c2003 |
||
| 300 | _a32p., ill., 23 cm | ||
| 440 | _aVidyaa vinooda katha 1 | ||
| 650 | _aInsect | ||
| 942 | _cBK | ||
| 999 |
_c13893 _d13893 |
||
| 003 | LK-CoDNM | ||
| 040 |
_aLK-CoDNM _dLK-CoDNM _eLK-CoDNM |
||